| 000 | 00784nam a2200193Ii 4500 | ||
|---|---|---|---|
| 003 | JO-AjNU | ||
| 008 | 230605s9999||||xx |||||||||||||| ||und|| | ||
| 040 |
_aJO-AjNU _bara _erda _cJO-AjNU |
||
| 041 | _aara | ||
| 050 | 1 | 4 | _aBP144.S264 1900 |
| 100 | 3 |
_aمراجعة وتصحيح وتهذيب السايس، محمد علي, _eauthor _935074 |
|
| 245 | 0 | 0 | _aتاريخ الفقه الإسلامي كلمات في تاريخ التشريع الإسلامي |
| 264 | 3 | 1 | _aمكة المكرمة: مكتبة إحياء التراث الاسلامي، د.ت |
| 300 | _a159ص | ||
| 336 |
_atext _btxt _2rdacontent |
||
| 337 |
_aunmediated _bn _2rdamedia |
||
| 338 |
_avolume _bnc _2rdacarrier |
||
| 650 | 4 |
_aالفقه الإسلامي- تاريخ- الشريعة الاسلامية _935075 |
|
| 999 |
_aA14444 _c18012 _d18012 |
||